• 首页
  • 本馆介绍
  • 公告通知
  • 最新文献
  • 馆藏检索
  • 电子资源
  • 读者导购
  • 参考咨询
  • 我的图书馆
  • 登录
  • 详细信息显示
  • 放入我的书架
  • 预约/预借图书
  • 作者相关作品
  • 分类相关作品
  • 丛书相关作品
  • 出版社相关作品

书目信息

  • 表格格式
  • 工作单格式
  • 卡片格式
题名:
蒋学模文集
    
 
作者: 蒋学模, , 蒋学模 著
分册:  
出版信息: 上海   上海人民出版社  2001.6
页数: 690页
开本: 21cm
丛书名: 上海市社会科学学者文集
单 册:
中图分类: F0-53
科图分类:
主题词: 经济学--文集
电子资源:
ISBN: 7-208-03803-1
000 00734nam0 2200265 45
001 012000002631
005 20031219104055.3
010    @a7-208-03803-1@b精装@dCNY60.00
100    @a20010907d2001 em y0chiy0120 ea
101 0  @achi
102    @aCN@b310000
105    @ay a 000yy
106    @ar
200 1  @a蒋学模文集@Ajiang xue mo wen ji@f蒋学模著@FJiang Xue Mo Zhu
210    @a上海@c上海人民出版社@d2001.6
215    @a690页@d21cm
225 2  @a上海市社会科学学者文集
320    @a有书目
410  0 @12001 @a上海市社会科学学者文集
606 0  @a经济学@j文集
690    @aF0-53@v4
701  0 @a蒋学模,@Ajiang xue mo@f1918-@4著
701  0 @a蒋学模@4著
801    @aCN@bTSTC@c20020429
905    @b309543@dF0-53@f1@e157
    
    蒋学模文集/蒋学模著.-上海:上海人民出版社,2001.6
    690页;21cm.-(上海市社会科学学者文集)
    
    
    ISBN 7-208-03803-1(精装):CNY60.00
    
●
相关链接 在E读中查询图书 在五车中查询图书 在当当中查询图书 在豆瓣中查询图书


正题名:蒋学模文集     索取号:F0-53/157         预约/预借

序号 登录号 条形码 馆藏地/架位号 状态 备注
1 0309543   203095435   第一样本阅览室/ [索取号:F0-53/157] 在馆    
唐山师范学院图书馆 欢迎您!
大连网信软件有限公司© 版权所有